[Event "Gibraltar Masters 2014"]
[Site "Caleta ENG"]
[Date "2014.01.29"]
[Round "2.15"]
[White "Movsesian, S."]
[Black "Javakhishvili, L."]
[Result "1-0"]
[WhiteElo "2677"]
[BlackElo "2430"]
[PlyCount "79"]
[EventDate "2014.01.28"]

1. e4 c5 2. Nf3 e6 3. d4 cxd4 4. Nxd4 Nc6 5. Nc3 a6 6. Be3 Nf6 7. f4 Bb4 8. Bd3
e5 9. fxe5 Nxe5 10. O-O d6 11. h3 Bxc3 12. bxc3 h6 13. Nf3 Nfd7 14. Qe1 Nxf3+
15. gxf3 Ne5 16. Qg3 Qf6 17. Kh2 Bd7 18. f4 Nxd3 19. Bd4 Qg6 20. Qxg6 fxg6 21.
cxd3 Kf7 22. Rg1 d5 23. f5 g5 24. Rab1 b5 25. Rbf1 dxe4 26. dxe4 Bc6 27. e5
Rhg8 28. e6+ Ke7 29. Rg3 g6 30. f6+ Kxe6 31. Re3+ Kd7 32. Re7+ Kd6 33. Rd1 Bf3
34. Rd3 g4 35. Be3+ Kc6 36. f7 Rgf8 37. Re6+ Kb7 38. Rd7+ Kc8 39. Ree7 g5 40.
Bc5 1-0

[Event "Gibraltar Masters 2014"]
[Site "Caleta ENG"]
[Date "2014.01.29"]
[Round "2.17"]
[White "Cheparinov, I."]
[Black "Mikkelsen, N."]
[Result "1-0"]
[WhiteElo "2672"]
[BlackElo "2423"]
[PlyCount "57"]
[EventDate "2014.01.28"]

1. e4 c5 2. Nf3 d6 3. d4 cxd4 4. Nxd4 Nf6 5. Nc3 a6 6. Be3 e5 7. Nb3 Be7 8. Be2
Be6 9. Nd5 Nxd5 10. exd5 Bc8 11. Qd2 O-O 12. O-O Nd7 13. c4 Nf6 14. f4 Ng4 15.
Bxg4 Bxg4 16. fxe5 dxe5 17. c5 Qe8 18. Na5 f5 19. d6 Bd8 20. Qd5+ Qf7 21. Qxf7+
Rxf7 22. Nc4 Bf6 23. Rae1 g6 24. h3 Bh5 25. Nb6 Re8 26. Bd4 Bh4 27. d7 Re6 28.
Bxe5 Bd8 29. Bc7 1-0

[Event "Gibraltar Masters 2014"]
[Site "Caleta ENG"]
[Date "2014.01.29"]
[Round "2.18"]
[White "Trent, L."]
[Black "Sutovsky, E."]
[Result "1/2-1/2"]
[WhiteElo "2424"]
[BlackElo "2663"]
[PlyCount "74"]
[EventDate "2014.01.28"]

1. d4 Nf6 2. Bg5 c5 3. Bxf6 exf6 4. Nc3 d5 5. e4 dxe4 6. dxc5 Qc7 7. Nxe4 Bxc5
8. Bb5+ Bd7 9. Bxd7+ Nxd7 10. Nxc5 Qxc5 11. Qe2+ Ne5 12. Nf3 Qb4+ 13. c3 Qxb2
14. Qxb2 Nd3+ 15. Kd2 Nxb2 16. Rhe1+ Kf8 17. Re4 b5 18. Rb4 Nc4+ 19. Kd3 Rd8+
20. Nd4 Nd6 21. Nc6 Ra8 22. Rd4 Nb7 23. Rd5 g6 24. Rxb5 Nd8 25. Nd4 Rc8 26. Rd5
Nb7 27. Nb3 Kg7 28. Re1 Rc7 29. Re4 Rhc8 30. c4 Rc6 31. Re7 Nd8 32. Rdd7 Kf8
33. Rxa7 Rxc4 34. Red7 Rc3+ 35. Ke2 Nc6 36. Rxf7+ Ke8 37. Rab7 Rc2+ 1/2-1/2

[Event "Gibraltar Masters 2014"]
[Site "Caleta ENG"]
[Date "2014.01.29"]
[Round "2.19"]
[White "Roeder, M."]
[Black "Edouard, R."]
[Result "0-1"]
[WhiteElo "2423"]
[BlackElo "2658"]
[PlyCount "94"]
[EventDate "2014.01.28"]

1. Nf3 c5 2. c4 Nc6 3. d4 cxd4 4. Nxd4 Nf6 5. Nc3 e6 6. a3 Be7 7. e4 O-O 8. Be2
Qc7 9. Nf3 b6 10. Bg5 h6 11. Bh4 Nxe4 12. Nxe4 Bxh4 13. Nxh4 Qf4 14. Nd6 Qxh4
15. O-O Qf4 16. Bf3 Rb8 17. g3 Qe5 18. Nxc8 Rbxc8 19. Qxd7 Rfd8 20. Qb7 Rc7 21.
Qa6 Nd4 22. Bg2 Ne2+ 23. Kh1 Qxb2 24. a4 Nc3 25. a5 Qb3 26. axb6 axb6 27. Rfc1
Rxc4 28. Qa3 Qxa3 29. Rxa3 Rd1+ 30. Rxd1 Nxd1 31. Kg1 Kf8 32. Bf1 Rc2 33. Ra8+
Ke7 34. Ra7+ Kf6 35. Bb5 Nxf2 36. Be8 Nh3+ 37. Kh1 g5 38. Rxf7+ Ke5 39. Ba4
Rc1+ 40. Kg2 g4 41. Rf1 Rxf1 42. Kxf1 Ng5 43. Kf2 Kd4 44. Be8 Ne4+ 45. Ke2 Nf6
46. Bf7 e5 47. Be6 b5 0-1

[Event "Gibraltar Masters 2014"]
[Site "Caleta ENG"]
[Date "2014.01.29"]
[Round "2.20"]
[White "Fenollar Jorda, M."]
[Black "Agdestein, S."]
[Result "0-1"]
[WhiteElo "2419"]
[BlackElo "2627"]
[PlyCount "40"]
[EventDate "2014.01.28"]

1. d4 Nf6 2. c4 e6 3. Nc3 Bb4 4. e3 O-O 5. Bd3 d5 6. cxd5 exd5 7. Nge2 Bd6 8.
Bd2 b6 9. e4 dxe4 10. Nxe4 Bb7 11. Nxd6 Qxd6 12. O-O Rd8 13. Bf4 Qd5 14. f3 Nc6
15. Bxc7 Rd7 16. Bg3 Nxd4 17. Qa4 Qc5 18. Bf2 Nxf3+ 19. Kh1 Qd6 20. Nf4 Bc6 0-1

[Event "Gibraltar Masters 2014"]
[Site "Caleta ENG"]
[Date "2014.01.29"]
[Round "2.21"]
[White "Sandipan, C."]
[Black "Aloma Vidal, R."]
[Result "1/2-1/2"]
[WhiteElo "2609"]
[BlackElo "2416"]
[PlyCount "94"]
[EventDate "2014.01.28"]

1. d4 d5 2. c4 c6 3. Nf3 Nf6 4. e3 Bf5 5. Nc3 e6 6. Nh4 Be4 7. f3 Bg6 8. Qb3
Qc7 9. Bd2 Be7 10. cxd5 cxd5 11. Nxg6 hxg6 12. O-O-O a6 13. Kb1 Nc6 14. Rc1 O-O
15. g4 Na5 16. Qd1 Nc4 17. Bd3 Rfc8 18. Ne2 b5 19. g5 Nd7 20. h4 Qd6 21. Nf4 e5
22. Bxc4 dxc4 23. dxe5 Nxe5 24. Bc3 Nd3 25. Nxd3 cxd3 26. Qd2 Rc4 27. b3 Rc6
28. Bd4 Rac8 29. Rxc6 Qxc6 30. Rc1 Qb7 31. Rxc8+ Qxc8 32. Qxd3 Qh3 33. a4 bxa4
34. bxa4 a5 35. Qb5 Qxf3 36. Qe8+ Bf8 37. Kc2 Qe2+ 38. Kc3 Qe1+ 39. Kc4 Qxh4
40. Qd8 Qe1 41. Bc3 Qe2+ 42. Kb3 Qxe3 43. Qxa5 Qe6+ 44. Kb2 Qe2+ 45. Kb3 Qe6+
46. Kb2 Qe2+ 47. Kb3 Qe6+ 1/2-1/2

[Event "Gibraltar Masters 2014"]
[Site "Caleta ENG"]
[Date "2014.01.29"]
[Round "2.23"]
[White "Van Kampen, R."]
[Black "Teran Alvarez, I."]
[Result "1-0"]
[WhiteElo "2602"]
[BlackElo "2412"]
[PlyCount "61"]
[EventDate "2014.01.28"]

1. e4 e5 2. Nf3 d6 3. d4 exd4 4. Nxd4 Nf6 5. Nc3 Be7 6. Bf4 O-O 7. Qd2 Nbd7 8.
O-O-O Nc5 9. f3 c6 10. g4 Nfd7 11. h4 Ne5 12. Qg2 Qc7 13. Nf5 b5 14. Kb1 a5 15.
Bg5 f6 16. Bc1 Rb8 17. f4 Nf7 18. Ne2 Re8 19. g5 Bxf5 20. exf5 d5 21. Rg1 Bd8
22. Nd4 Kh8 23. Bd3 Nd6 24. h5 Nce4 25. h6 g6 26. fxg6 hxg6 27. f5 c5 28. fxg6
fxg5 29. Nf3 Re6 30. g7+ Kg8 31. Qh3 1-0

[Event "Gibraltar Masters 2014"]
[Site "Caleta ENG"]
[Date "2014.01.29"]
[Round "2.24"]
[White "Tari, A."]
[Black "Salgado Lopez, I."]
[Result "1/2-1/2"]
[WhiteElo "2408"]
[BlackElo "2597"]
[PlyCount "127"]
[EventDate "2014.01.28"]

1. d4 Nf6 2. c4 g6 3. Nc3 d5 4. Nf3 Bg7 5. Qa4+ Bd7 6. Qb3 dxc4 7. Qxc4 O-O 8.
Bf4 Bf5 9. Qxc7 Qxc7 10. Bxc7 Nc6 11. Rd1 Rac8 12. Be5 Nxe5 13. Nxe5 Rfd8 14.
f3 Be6 15. e4 Nd7 16. Nxd7 Bxd7 17. Kf2 Be8 18. e5 b5 19. a3 a5 20. Be2 b4 21.
axb4 axb4 22. Na2 Ba4 23. Rc1 Rxc1 24. Rxc1 Rxd4 25. Rc8+ Bf8 26. Ke3 Rh4 27.
g3 Rxh2 28. Nxb4 e6 29. Ra8 Bb3 30. Ra3 Bc5+ 31. Kd3 Bxb4 32. Rxb3 Be1 33. g4
Bg3 34. Rb5 h5 35. gxh5 gxh5 36. Rc5 h4 37. Rc1 h3 38. b4 Bxe5 39. Ke3 Rg2 40.
Bf1 Rg3 41. Rc2 f5 42. b5 Kf7 43. b6 h2 44. Rxh2 Rg1 45. f4 Rg3+ 46. Kf2 Bxf4
47. Rh4 Be5 48. Rh7+ Kg6 49. Re7 Kf6 50. Re8 Kf7 51. Rd8 Rb3 52. Rd7+ Ke8 53.
Rb7 Bd4+ 54. Kg2 Rb2+ 55. Kh3 Rb3+ 56. Kh4 Bxb6 57. Kh5 Rb4 58. Kg6 f4 59. Bg2
Kd8 60. Kf6 Rb2 61. Bf3 Rb3 62. Kxe6 Rxf3 63. Rxb6 Kc7 64. Rb1 1/2-1/2

[Event "Gibraltar Masters 2014"]
[Site "Caleta ENG"]
[Date "2014.01.29"]
[Round "2.26"]
[White "Savina, A."]
[Black "Mareco, S."]
[Result "0-1"]
[WhiteElo "2402"]
[BlackElo "2582"]
[PlyCount "72"]
[EventDate "2014.01.28"]

1. d4 Nf6 2. c4 e6 3. Nc3 Bb4 4. e3 O-O 5. Bd3 c5 6. Nf3 d5 7. O-O dxc4 8. Bxc4
b6 9. Qe2 cxd4 10. exd4 Nc6 11. Rd1 Na5 12. Bd3 Bb7 13. Bg5 Be7 14. Ne5 Nd5 15.
Qh5 f5 16. Bxe7 Qxe7 17. Nxd5 Bxd5 18. Qe2 Rac8 19. f3 Rc7 20. Ba6 Rd8 21. Qd2
Qd6 22. b3 h6 23. h3 Kh7 24. Kh1 Qa3 25. Qf2 Nc6 26. Nxc6 Rxc6 27. Bb7 Rcd6 28.
Bxd5 Rxd5 29. Re1 Qe7 30. Qe2 R8d6 31. Rad1 Qh4 32. Rd3 Rxd4 33. Re3 Rd2 34.
Qf1 Rf2 35. Qg1 Rdd2 36. Qh2 Qg5 0-1

[Event "Gibraltar Masters 2014"]
[Site "Caleta ENG"]
[Date "2014.01.29"]
[Round "2.27"]
[White "Vocaturo, D."]
[Black "Nezad, H."]
[Result "1-0"]
[WhiteElo "2582"]
[BlackElo "2373"]
[PlyCount "67"]
[EventDate "2014.01.28"]

1. e4 e5 2. Nf3 Nc6 3. Bb5 a6 4. Ba4 Nf6 5. O-O b5 6. Bb3 Bc5 7. c3 d6 8. a4
Rb8 9. d4 Bb6 10. axb5 axb5 11. Na3 Bg4 12. Nxb5 O-O 13. Bc2 Bxf3 14. gxf3 exd4
15. Nxd4 Nxd4 16. cxd4 Nh5 17. Kh1 Qf6 18. Be3 Nf4 19. Ra4 Ra8 20. Rb4 Rab8 21.
Rg1 Ne6 22. f4 c5 23. e5 Qe7 24. dxc5 Bxc5 25. Rxb8 Rxb8 26. f5 Bxe3 27. fxe3
Qb7+ 28. Rg2 Nf8 29. Qg4 g6 30. e6 Ra8 31. h4 Ra1+ 32. Kh2 Qxb2 33. Qf4 Qb7 34.
Qxd6 1-0

[Event "Gibraltar Masters 2014"]
[Site "Caleta ENG"]
[Date "2014.01.29"]
[Round "2.28"]
[White "Kuipers, S."]
[Black "Dvirnyy, D."]
[Result "0-1"]
[WhiteElo "2399"]
[BlackElo "2574"]
[PlyCount "82"]
[EventDate "2014.01.28"]

1. Nf3 d5 2. g3 Bg4 3. Bg2 Nd7 4. O-O Ngf6 5. d3 c6 6. Nbd2 e5 7. Qe1 Be7 8. e4
dxe4 9. dxe4 O-O 10. h3 Bh5 11. Nc4 Qc7 12. a4 Rfe8 13. Nh4 Bg6 14. Qe2 b5 15.
axb5 cxb5 16. Ne3 a6 17. Nxg6 hxg6 18. Nd5 Nxd5 19. exd5 Bd6 20. Be3 e4 21.
Rfc1 Bc5 22. c4 b4 23. d6 Qxd6 24. Rd1 Qc6 25. Rxd7 Bxe3 26. Rad1 Bc5 27. h4 a5
28. b3 a4 29. bxa4 b3 30. h5 Rab8 31. hxg6 Qxg6 32. R7d5 b2 33. Rxc5 b1=Q 34.
Rxb1 Rxb1+ 35. Kh2 Qf6 36. Rb5 Ra1 37. a5 g6 38. Qb2 Qxb2 39. Rxb2 Rxa5 40. Re2
Rh5+ 41. Kg1 Rhe5 0-1

[Event "Gibraltar Masters 2014"]
[Site "Caleta ENG"]
[Date "2014.01.29"]
[Round "2.29"]
[White "Fier, A."]
[Black "Lampert, J."]
[Result "1-0"]
[WhiteElo "2572"]
[BlackElo "2358"]
[PlyCount "91"]
[EventDate "2014.01.28"]

1. Nf3 d5 2. c4 d4 3. b4 c5 4. e3 dxe3 5. fxe3 cxb4 6. d4 e5 7. Nxe5 Bd6 8. Nf3
Nf6 9. Bd3 O-O 10. e4 Re8 11. e5 Bg4 12. O-O Rxe5 13. dxe5 Qb6+ 14. c5 Qxc5+
15. Kh1 Bxe5 16. Nbd2 Bxa1 17. Nb3 Qc3 18. Be2 Nc6 19. Bd2 Rd8 20. Qxa1 Qxa1
21. Rxa1 a5 22. Bg5 Re8 23. Bb5 Ne4 24. Bh4 Ra8 25. Bxc6 bxc6 26. Ne5 a4 27.
Nc1 Be6 28. Nxc6 a3 29. Nxb4 Nc3 30. Ncd3 Bc4 31. Rc1 Bxd3 32. Rxc3 Bf5 33. Be7
h6 34. h3 Be6 35. Kg1 Ra7 36. Bc5 Ra8 37. Kf2 g5 38. Ke3 Kg7 39. Rc2 Rd8 40.
Nd3 Ra8 41. Nc1 f5 42. Rc3 f4+ 43. Kf2 Rd8 44. Ke1 Bd5 45. Rd3 Re8+ 46. Kf2 1-0

[Event "Gibraltar Masters 2014"]
[Site "Caleta ENG"]
[Date "2014.01.29"]
[Round "2.30"]
[White "Milliet, S."]
[Black "Zhao Xue"]
[Result "1/2-1/2"]
[WhiteElo "2391"]
[BlackElo "2568"]
[PlyCount "93"]
[EventDate "2014.01.28"]

1. e4 c6 2. d4 d5 3. Nc3 a6 4. h3 b5 5. a3 e6 6. Nf3 Nf6 7. Bd3 Bb7 8. e5 Nfd7
9. Ne2 c5 10. c3 Nc6 11. O-O Be7 12. Ng3 Qb6 13. Bc2 h6 14. Be3 c4 15. Nh2
O-O-O 16. f4 Rdg8 17. Qd2 f5 18. exf6 gxf6 19. Nh5 e5 20. fxe5 fxe5 21. Rf7
exd4 22. cxd4 Qd8 23. Raf1 Kb8 24. Ng4 Bg5 25. Bxg5 Qxg5 26. Qxg5 Rxg5 27. Rxd7
Nxd4 28. Ngf6 Nxc2 29. h4 Re5 30. Rg7 Rd8 31. Nd7+ Rxd7 32. Rxd7 Rxh5 33. Rf8+
Bc8 34. Rdd8 Rxh4 35. Rxc8+ Kb7 36. Rc5 d4 37. Rf6 d3 38. Re5 Rd4 39. Re7+ Kc8
40. Rf8+ Rd8 41. Rff7 Ne3 42. Rc7+ Kb8 43. Rb7+ Ka8 44. Ra7+ Kb8 45. Rab7+ Ka8
46. Ra7+ Kb8 47. Rab7+ 1/2-1/2

[Event "Gibraltar Masters 2014"]
[Site "Caleta ENG"]
[Date "2014.01.29"]
[Round "2.31"]
[White "Bellon Lopez, JuM"]
[Black "Muzychuk, A."]
[Result "1/2-1/2"]
[WhiteElo "2383"]
[BlackElo "2566"]
[PlyCount "88"]
[EventDate "2014.01.28"]

1. d4 e6 2. Nf3 c5 3. e3 Nf6 4. c4 b6 5. Nc3 cxd4 6. exd4 Bb7 7. Bd3 d5 8. cxd5
Nxd5 9. Bb5+ Bc6 10. Bxc6+ Nxc6 11. Qa4 Qd7 12. Bd2 Ncb4 13. Qxd7+ Kxd7 14. Ke2
Bd6 15. a3 Nc6 16. Kd3 f6 17. Rhe1 Nce7 18. Re2 Rhe8 19. Rae1 Nc6 20. h3 Nxc3
21. Bxc3 b5 22. Nd2 Ne7 23. Ne4 Nd5 24. Bd2 a6 25. f4 Bf8 26. g3 Rac8 27. Ba5
b4 28. axb4 Nxb4+ 29. Bxb4 Bxb4 30. Nc3 a5 31. d5 Bxc3 32. dxe6+ Rxe6 33. Rxe6
Bxe1 34. Rxe1 Rb8 35. Kc2 h5 36. Re4 Rb5 37. Kc3 Kd6 38. b3 Rc5+ 39. Kb2 Rd5
40. Kc2 g5 41. g4 f5 42. gxf5 Rxf5 43. fxg5 Rxg5 44. Kb2 Kd5 1/2-1/2

[Event "Gibraltar Masters 2014"]
[Site "Caleta ENG"]
[Date "2014.01.29"]
[Round "2.32"]
[White "Salem, AR."]
[Black "Kochetkova, J."]
[Result "1-0"]
[WhiteElo "2564"]
[BlackElo "2352"]
[PlyCount "79"]
[EventDate "2014.01.28"]

1. d4 d5 2. c4 e6 3. Nc3 Be7 4. Nf3 Nf6 5. Bg5 O-O 6. e3 h6 7. Bh4 b6 8. Bd3
Bb7 9. O-O c5 10. dxc5 bxc5 11. cxd5 Nxd5 12. Bxe7 Qxe7 13. Rc1 Rd8 14. Qe2 Nb4
15. Bc4 Nd7 16. a3 Nc6 17. Bb5 Nce5 18. e4 Nxf3+ 19. Qxf3 Nf6 20. Qe3 Rd4 21.
f3 Rad8 22. Rc2 a6 23. Be2 Nd7 24. Nd1 Nb6 25. Nf2 Qd6 26. Rfc1 Rd2 27. Qc3
Rxc2 28. Rxc2 Qf4 29. g3 Qd6 30. Qa5 Rc8 31. Rd2 Qc7 32. Nd1 Nd7 33. Qc3 Nf6
34. Rc2 Qd7 35. Ne3 Qe7 36. Nc4 Bc6 37. Qa5 Bb5 38. a4 Bxc4 39. Bxc4 Rd8 40.
Be2 1-0

[Event "Gibraltar Masters 2014"]
[Site "Caleta ENG"]
[Date "2014.01.29"]
[Round "2.33"]
[White "Solomon, K."]
[Black "Lenderman, A."]
[Result "0-1"]
[WhiteElo "2351"]
[BlackElo "2561"]
[PlyCount "76"]
[EventDate "2014.01.28"]

1. d4 f5 2. c4 Nf6 3. Nf3 g6 4. g3 Bg7 5. Bg2 O-O 6. O-O d6 7. Nc3 c6 8. b4 Kh8
9. Bb2 Nbd7 10. Qb3 Nb6 11. Rad1 d5 12. cxd5 cxd5 13. Ne5 Be6 14. Na4 Nxa4 15.
Qxa4 Ne4 16. Qb3 Rc8 17. Nd3 b6 18. Ne5 Rc7 19. Bxe4 fxe4 20. Rc1 Bh6 21. Rxc7
Qxc7 22. f4 exf3 23. Rxf3 Rxf3 24. exf3 Bg7 25. Qc3 Bxe5 26. dxe5 Qd7 27. Qd2
Kg8 28. Kf2 Qb5 29. g4 Qc4 30. Bd4 Kf7 31. a3 Qb3 32. Qc3 Qd1 33. Kg3 h5 34.
gxh5 gxh5 35. Qa1 h4+ 36. Kxh4 Qxf3 37. Qg1 Qf4+ 38. Kh5 Kf8 0-1

[Event "Gibraltar Masters 2014"]
[Site "Caleta ENG"]
[Date "2014.01.29"]
[Round "2.34"]
[White "Wemmers, X."]
[Black "Anton Guijarro, D."]
[Result "0-1"]
[WhiteElo "2348"]
[BlackElo "2557"]
[PlyCount "86"]
[EventDate "2014.01.28"]

1. d4 Nf6 2. c4 g6 3. Nc3 Bg7 4. e4 d6 5. Nf3 O-O 6. Be2 Bg4 7. Be3 Nfd7 8. Rc1
e5 9. d5 a5 10. Ng1 Bxe2 11. Ngxe2 f5 12. exf5 gxf5 13. f4 Qh4+ 14. Bf2 Qh6 15.
Nb5 Na6 16. Rc3 Nf6 17. Rh3 Qg6 18. O-O Ng4 19. Bh4 Rf7 20. fxe5 dxe5 21. Rhf3
Qh6 22. Rh3 Ne3 23. Rxe3 Qxe3+ 24. Bf2 Qg5 25. c5 f4 26. Nbc3 Kh8 27. Ne4 Qg6
28. N2c3 Rg8 29. Qf3 Bf8 30. Rd1 Rfg7 31. g3 Rf7 32. Kh1 fxg3 33. Qxg3 Qh5 34.
Qd3 Nxc5 35. Bxc5 Bxc5 36. Ng3 Rfg7 37. Kg2 Bf2 38. Nce4 Bxg3 39. hxg3 Qf5 40.
Qe2 Rg4 41. Re1 Qg6 42. Qf3 a4 43. Re3 Rf4 0-1

[Event "Gibraltar Masters 2014"]
[Site "Caleta ENG"]
[Date "2014.01.29"]
[Round "2.35"]
[White "Gopal, G."]
[Black "Lejlic, S."]
[Result "1-0"]
[WhiteElo "2550"]
[BlackElo "2345"]
[PlyCount "73"]
[EventDate "2014.01.28"]

1. e4 e5 2. Nf3 Nc6 3. Bb5 a6 4. Ba4 d6 5. O-O Bd7 6. c3 g6 7. d4 Bg7 8. Re1
Nf6 9. d5 Ne7 10. Bxd7+ Qxd7 11. c4 O-O 12. Nc3 h6 13. a4 Ne8 14. a5 f5 15. Nd2
Rf7 16. b4 Nf6 17. f3 Raf8 18. c5 g5 19. Nc4 g4 20. f4 exf4 21. e5 dxe5 22.
Nxe5 Qe8 23. Bxf4 Nh5 24. Bc1 Bxe5 25. Rxe5 Qd7 26. Bxh6 Ng6 27. Re6 Ngf4 28.
Bxf8 Nxe6 29. Bh6 Nf8 30. Bxf8 Rxf8 31. Qd2 f4 32. Re1 Qf5 33. d6 g3 34. Qd5+
Qf7 35. dxc7 Nf6 36. Qxf7+ Kxf7 37. hxg3 1-0

[Event "Gibraltar Masters 2014"]
[Site "Caleta ENG"]
[Date "2014.01.29"]
[Round "2.37"]
[White "Spraggett, K."]
[Black "Abdumalik, Z."]
[Result "1-0"]
[WhiteElo "2544"]
[BlackElo "2344"]
[PlyCount "87"]
[EventDate "2014.01.28"]

1. c4 e5 2. Nc3 Nf6 3. Nf3 Nc6 4. g3 d5 5. cxd5 Nxd5 6. Bg2 Nb6 7. a3 Be7 8. b4
Be6 9. Rb1 f6 10. d3 a5 11. b5 Nd4 12. O-O O-O 13. Nd2 Qc8 14. e3 Nf5 15. a4
Bb4 16. Bb2 Rd8 17. Qc2 Rb8 18. Rfd1 Qd7 19. Nf3 Qf7 20. Ba1 c5 21. bxc6 bxc6
22. Ne4 Ba2 23. Rb2 Bd5 24. Rbb1 Ba2 25. Rb2 Bd5 26. Rbb1 Qe7 27. Nxf6+ gxf6
28. e4 Bf7 29. exf5 c5 30. Nd2 Be8 31. Nc4 Bxa4 32. Qa2 Qf7 33. Rdc1 Be8 34. f4
Nxc4 35. dxc4 Rd2 36. Qxd2 Bxd2 37. Rxb8 Be3+ 38. Kh1 Qd7 39. Rcb1 Kf8 40. fxe5
Qxf5 41. Rf1 Qd3 42. exf6 Qd6 43. f7 Qxb8 44. Bg7+ 1-0

[Event "Gibraltar Masters 2014"]
[Site "Caleta ENG"]
[Date "2014.01.29"]
[Round "2.38"]
[White "Bellin, R."]
[Black "Maze, S."]
[Result "1/2-1/2"]
[WhiteElo "2337"]
[BlackElo "2536"]
[PlyCount "180"]
[EventDate "2014.01.28"]

1. d4 Nf6 2. Nc3 d6 3. e4 g6 4. f4 c6 5. Nf3 b5 6. Bd3 Bg7 7. Qe2 O-O 8. e5
dxe5 9. dxe5 Nd5 10. Nxd5 Qxd5 11. Be4 Qd8 12. O-O Qc7 13. Be3 Nd7 14. Nd4 Bb7
15. Qf3 a6 16. Bxc6 Bxc6 17. Qxc6 Rfc8 18. Qxc7 Rxc7 19. c3 Rb8 20. Nb3 e6 21.
Rad1 Bf8 22. a3 Be7 23. Bd4 h5 24. g3 Kf8 25. Kg2 Ke8 26. h3 Ra8 27. Na5 Bc5
28. Bxc5 Nxc5 29. Rd6 Rd8 30. Rfd1 Rxd6 31. Rxd6 Na4 32. b3 Nxc3 33. Rxa6 Nb1
34. Nc6 Rc8 35. Nd4 Nc3 36. Ra5 h4 37. gxh4 b4 38. axb4 Rd8 39. Nb5 Rd2+ 40.
Kf3 Rd3+ 41. Kf2 Ne4+ 42. Ke2 Rxb3 43. Ra8+ Kd7 44. Ra7+ Ke8 45. Ra8+ Kd7 46.
Ra7+ Ke8 47. Rb7 Ng3+ 48. Kd2 Ne4+ 49. Kc2 Rf3 50. Nd6+ Nxd6 51. exd6 Rxf4 52.
Kc3 e5 53. b5 Rf6 54. Re7+ Kd8 55. b6 Rxd6 56. b7 Kxe7 57. b8=Q e4 58. Qb7+ Kf8
59. Qxe4 Rf6 60. h5 Kg8 61. hxg6 fxg6 62. Qe8+ Kg7 63. Qe5 Kf7 64. Kd4 Rf5 65.
Qc7+ Kg8 66. Ke4 Kf8 67. h4 Kg8 68. Qe7 Rh5 69. Kf4 Rf5+ 70. Kg4 Kh8 71. h5
Rxh5 72. Qf8+ Kh7 73. Qf7+ Kh6 74. Qg8 Rg5+ 75. Kh4 Rh5+ 76. Kg4 Rg5+ 77. Kf4
Rf5+ 78. Ke4 Kg5 79. Qh8 Rf4+ 80. Ke5 Rf5+ 81. Ke6 Kg4 82. Qh6 g5 83. Qh1 Rf4
84. Qh2 Rf3 85. Qh7 Rf4 86. Qh6 Rf2 87. Ke7 Rf4 88. Qh2 Rf5 89. Ke6 Rf4 90.
Qg1+ Kh5 1/2-1/2

[Event "Gibraltar Masters 2014"]
[Site "Caleta ENG"]
[Date "2014.01.29"]
[Round "2.39"]
[White "Libiszewski, F."]
[Black "Studer, N."]
[Result "1-0"]
[WhiteElo "2533"]
[BlackElo "2337"]
[PlyCount "55"]
[EventDate "2014.01.28"]

1. c4 Nf6 2. g3 e6 3. Bg2 d5 4. Nf3 Be7 5. O-O O-O 6. d4 b6 7. Nc3 Bb7 8. Ne5
Re8 9. Bf4 Na6 10. Qa4 c5 11. cxd5 exd5 12. Rfd1 Qc8 13. Rac1 Qe6 14. e4 dxe4
15. d5 Nxd5 16. Nxd5 Bxd5 17. Rxd5 Qxd5 18. Bxe4 Qd4 19. Rc4 b5 20. Bxh7+ Kxh7
21. Qc2+ Kg8 22. Rxd4 cxd4 23. Qb3 Rf8 24. Nc6 Bf6 25. Qxb5 Rae8 26. Qxa6 Re6
27. b4 Rfe8 28. b5 1-0

[Event "Gibraltar Masters 2014"]
[Site "Caleta ENG"]
[Date "2014.01.29"]
[Round "2.40"]
[White "Vojinovic, J."]
[Black "Khotenashvili, B."]
[Result "1-0"]
[WhiteElo "2335"]
[BlackElo "2527"]
[PlyCount "91"]
[EventDate "2014.01.28"]

1. Nf3 d5 2. c4 d4 3. a3 c5 4. e3 Nc6 5. exd4 cxd4 6. d3 a5 7. g3 Nf6 8. Bg2 g6
9. O-O Bg7 10. Re1 Nd7 11. Nbd2 O-O 12. Rb1 a4 13. Qc2 Nc5 14. Ne4 Nb3 15. Nfd2
Qa5 16. Qd1 Nxc1 17. Rxc1 Ne5 18. Qc2 h6 19. Nf3 Nc6 20. h3 Bd7 21. Nfd2 Rfc8
22. b4 axb3 23. Nxb3 Qc7 24. Ra1 Ne5 25. Qe2 Rd8 26. Ra2 Bc6 27. Rea1 f5 28.
Ned2 Bxg2 29. Kxg2 Qc6+ 30. Kh2 b5 31. cxb5 Qxb5 32. Nc1 Ra4 33. f4 Nf7 34. Rb1
Qd7 35. Rab2 Nd6 36. Nf3 Rxa3 37. Nb3 Qa7 38. Qe6+ Kh7 39. Nbxd4 Rxd3 40. Nc6
Re3 41. Nfe5 Bxe5 42. fxe5 Qd7 43. Nxd8 Qxd8 44. Qd5 f4 45. exd6 fxg3+ 46. Kg2
1-0

[Event "Gibraltar Masters 2014"]
[Site "Caleta ENG"]
[Date "2014.01.29"]
[Round "2.41"]
[White "Cramling, P."]
[Black "Gaehwiler, G."]
[Result "1/2-1/2"]
[WhiteElo "2525"]
[BlackElo "2332"]
[PlyCount "92"]
[EventDate "2014.01.28"]

1. Nf3 Nf6 2. c4 g6 3. Nc3 Bg7 4. e4 d6 5. d4 O-O 6. h3 Nc6 7. d5 Nb4 8. Be3 e6
9. a3 Na6 10. Bd3 Nc5 11. Bc2 exd5 12. exd5 Re8 13. O-O Nfe4 14. Nxe4 Nxe4 15.
Qc1 a5 16. Re1 Nc5 17. Bd4 Rxe1+ 18. Qxe1 Bxd4 19. Nxd4 Bd7 20. b3 Qf6 21. Rd1
a4 22. b4 Nb3 23. Qc3 Qe5 24. c5 Nxd4 25. Qxd4 Qxd4 26. Rxd4 Bb5 27. f4 Re8 28.
Re4 Rxe4 29. Bxe4 b6 30. cxd6 cxd6 31. Bc2 Bd7 32. Kf2 b5 33. Ke3 f5 34. Bd3
Kg7 35. g4 Kf6 36. Kf3 h6 37. Kg3 fxg4 38. hxg4 g5 39. Kf3 Ke7 40. Be2 Kf6 41.
Ke4 Be8 42. Ke3 Bd7 43. Kf3 Be8 44. Kg3 Ke7 45. Bd3 Bd7 46. Kf3 Kf6 1/2-1/2

[Event "Gibraltar Masters 2014"]
[Site "Caleta ENG"]
[Date "2014.01.29"]
[Round "2.42"]
[White "Oparin, G."]
[Black "Welling, G."]
[Result "1-0"]
[WhiteElo "2517"]
[BlackElo "2326"]
[PlyCount "77"]
[EventDate "2014.01.28"]

1. e4 e6 2. d4 d5 3. Nc3 Nf6 4. e5 Ng8 5. Nf3 c5 6. dxc5 Bxc5 7. a3 Nc6 8. b4
Bb6 9. Bd3 f6 10. O-O Bc7 11. exf6 Nxf6 12. Nb5 Bb8 13. c4 O-O 14. Bb2 a6 15.
Nbd4 Ne5 16. Nxe5 Bxe5 17. g3 Bc7 18. Nf3 Bd7 19. Qe2 Kh8 20. Rad1 Qe8 21. Ne5
Ba4 22. Rde1 Rd8 23. cxd5 exd5 24. Bd4 Ne4 25. Qb2 Bb5 26. Bxb5 Qxb5 27. Rc1
Bd6 28. Kg2 Qe8 29. f3 Nf6 30. Ng4 Qf7 31. Nxf6 gxf6 32. Rfe1 Rd7 33. Rc2 Re7
34. Rxe7 Qxe7 35. Re2 Qf7 36. Qc3 Kg8 37. Qe3 Rc8 38. Qh6 Be7 39. Qf4 1-0

[Event "Gibraltar Masters 2014"]
[Site "Caleta ENG"]
[Date "2014.01.29"]
[Round "2.43"]
[White "Hoolt, S."]
[Black "Gordon, S."]
[Result "0-1"]
[WhiteElo "2331"]
[BlackElo "2516"]
[PlyCount "88"]
[EventDate "2014.01.28"]

1. e4 c5 2. Nf3 d6 3. d4 cxd4 4. Nxd4 Nf6 5. Nc3 a6 6. h3 e6 7. g4 Nfd7 8. Bg2
Nc6 9. Be3 Nce5 10. Qe2 Qc7 11. Rd1 Be7 12. g5 O-O 13. a4 Nb6 14. O-O Re8 15.
Bc1 Bd7 16. f4 Ng6 17. Qh5 Bf8 18. f5 Ne5 19. Rf4 g6 20. Qh4 Nxa4 21. Nce2 Rac8
22. Ng3 Qb6 23. Be3 Nxb2 24. Rdf1 Nbc4 25. Bf2 Qb2 26. Nh5 gxh5 27. Qxh5 Ng6
28. Rf3 Nd2 29. fxg6 fxg6 30. Qg4 Nxf3+ 31. Nxf3 Bg7 32. e5 Rxc2 33. Nd4 Rxf2
34. Rxf2 Qc1+ 35. Rf1 Qe3+ 36. Kh1 Bxe5 37. Nf3 Bg7 38. Re1 Qc3 39. h4 Rf8 40.
Rd1 d5 41. h5 Qc2 42. Nd4 gxh5 43. Qxh5 Qg6 44. Qg4 Rf4 0-1

[Event "Gibraltar Masters 2014"]
[Site "Caleta ENG"]
[Date "2014.01.29"]
[Round "2.44"]
[White "Cmilyte, V."]
[Black "Tate, A."]
[Result "1/2-1/2"]
[WhiteElo "2515"]
[BlackElo "2321"]
[PlyCount "127"]
[EventDate "2014.01.28"]

1. Nf3 Nf6 2. c4 c5 3. Nc3 d5 4. cxd5 Nxd5 5. d4 Nxc3 6. bxc3 g6 7. e4 Bg7 8.
Bb5+ Nc6 9. d5 Qa5 10. Rb1 Bxc3+ 11. Bd2 a6 12. Bxc6+ bxc6 13. dxc6 Be6 14. Rc1
Bxd2+ 15. Qxd2 Qxd2+ 16. Kxd2 O-O-O+ 17. Ke3 c4 18. Nd4 Rd6 19. e5 Rd5 20. f4
Rhd8 21. Rxc4 Ra5 22. Nxe6 Ra3+ 23. Ke4 fxe6 24. Rb1 Rd2 25. c7 Re2+ 26. Kd4
Rd2+ 27. Kc5 Rd7 28. Rb8+ Kxc7 29. Rb2 Rad3 30. Kb4+ Kb6 31. Ka4+ Ka7 32. Rc6
Rd2 33. Rxd2 Rxd2 34. a3 Rd4+ 35. Ka5 Rxf4 36. Rxa6+ Kb7 37. Rxe6 Rf2 38. Kb5
Rb2+ 39. Kc5 Rc2+ 40. Kd5 Rd2+ 41. Ke4 Rxg2 42. Rxe7+ Kc6 43. Rxh7 Rg4+ 44. Kf3
Ra4 45. e6 Kd6 46. e7 Kd7 47. Kg3 g5 48. Rg7 Ke8 49. Kh3 Rh4+ 50. Kg2 Rg4+ 51.
Kf2 Rf4+ 52. Kg3 Ra4 53. Rh7 Kd7 54. Rf7 Ke8 55. Rg7 Kd7 56. Kh3 Rh4+ 57. Kg2
Rg4+ 58. Kf2 Rf4+ 59. Ke2 Rh4 60. Rxg5 Rxh2+ 61. Kd1 Kxe7 62. Rd5 Ke6 63. Rd3
Ke5 64. Kc1 1/2-1/2